| 000 | 00381nam a2200145Ia 4500 | ||
|---|---|---|---|
| 008 | 100122s9999 xx 000 0 und d | ||
| 082 |
_b25933 _a923.38 |
||
| 100 | _aPHELAN JAMES | ||
| 245 | _aHAWARD HUGHES:THE HIDDEN YEARS | ||
| 260 |
_bCOLLINS _c1977 |
||
| 300 | _a201 | ||
| 630 | _aHAWARD HUGHES:THE HIDDEN YEARS | ||
| 730 | _aHAWARD HUGHES:THE HIDDEN YEARS | ||
| 942 | _cBOOK | ||
| 999 |
_c368087 _d368084 |
||